all countries that had colonies. - Statistics

General Stats
  • This quiz has been taken 234 times
    218 since last reset
  • The average score is 15 of 21
Answer Stats
colony coloniser % Correct
nigeria, india united kingdom
100%
algeria, quebec france
98%
angola, brazil portugal
98%
peru, mexico spain
98%
namibia, tanzania germany
96%
libya, somalia italy
95%
the congo belgium
94%
suriname, new york netherlands
94%
djibouti, alaska russia
93%
the Philippines united states
91%
west indies, greenland denmark
89%
korea, indonesia japan
87%
delaware river, gold coast sweden
76%
bouvet island norway
73%
maputo bay, nicobars austria-hungary
53%
parts of madagascar poland-lithuania
49%
nova scotia scotland
44%
african east coast oman
25%
gambian islands, tobago courland
16%
venezuela holy roman empire
7%
goa ragusa
3%
No matching quizzes found
Score Distribution
Percent of People with Each Score
Percentile by Number Answered
Your Score History
You have not taken this quiz since the last reset